00384 a2200121 450000100060000008200120000609000170001810000300003524500620006594200220012799900190014995200940016863366 a658 RAS c37417d37417 aRoyal Aeronautical Socity aThe effective Management of Technological ChangehEnglish aCAE NUSTk658 RAS c298439d298439 001040708NFICaCAEbCAEd2017-04-03l0o658 RASpCAEG-5525r2017-04-05w2017-04-05yBK